| 000 | 01023nam a2200289Ia 4500 | ||
|---|---|---|---|
| 001 | Para_9594 | ||
| 003 | CHAP | ||
| 008 | 220125s2009 xx 000 0 und d | ||
| 010 | _a208265 | ||
| 040 | _cCHAP | ||
| 090 | _aTESIS 2254 | ||
| 100 |
_aRuiz Machuca, Marina _9100724 |
||
| 245 |
_aIdentificación y distribución de la chinche roja Hesperolabops nigriceps Reuter (Hereroptera : _bMiridae) sobre Opuntia sp. en la zona oriente del Estado de México / _c por Marina Ruiz Machuca |
||
| 260 |
_aChapingo, Méx. : _b el autor |
||
| 300 | _a34 h. | ||
| 502 | _aTesis (Ing. Agr. Esp. en Parasitología Agrícola) -- UACh. Departamento Parasitología Agrícola | ||
| 650 |
_aChinche roja _x Identificación _9174588 |
||
| 650 |
_aNopal _x plagas _981689 |
||
| 710 |
_aUACh. Departamento Parasitología Agrícola _9164025 |
||
| 901 | _aTESIS 2254 | ||
| 902 | _aM | ||
| 905 | _a0000002009 a 0000000000 00 | ||
| 910 | _a2009 | ||
| 942 | _cPARA | ||
| 942 |
_cPARA _d2 |
||
| 999 |
_c208265 _d208265 |
||